| 000 | 00511nam a2200169 i 4500 | ||
|---|---|---|---|
| 001 | 75893 | ||
| 003 | ES-MaACL | ||
| 005 | 20230906172637.0 | ||
| 007 | t| | ||
| 008 | 040928s1934 fr ||||1| fre d | ||
| 100 | 1 |
_aGrimm, Herman. _960058 |
|
| 245 | 1 | 0 |
_aMichel Ange et son temps / _cHerman Grimm ; traduction de Jacques Chifelle-Astier. |
| 260 |
_aParis : _b[s.n.], _c1934 ( _eDijon : _fDarantiƩre) |
||
| 300 |
_a503 p. ; _c23 cm. |
||
| 700 | 1 |
_aChifelle-Astier, Jacques. _938511 |
|
| 852 |
_aES-MaACL _jA-3108 |
||
| 999 |
_c75893 _d75893 |
||